[Event "Tourn. n10019"]
[Site "www.echecsemail.com"]
[Date "2018.12.27"]
[Round "1"]
[White "Francesco"]
[Black "Cemaah"]
[WhiteElo "1950"]
[BlackElo "2149"]
[Result "0-1"]
[Round "1"]
1.e4 c5
2.Ng1f3 d6
3.d4 cxd4
4.Nf3xd4 Ng8f6
5.Nb1c3 a6
6.Bc1g5 e6
7.Bf1e2 Bf8e7
8.O-O O-O
9.h3 b5
10.a3 Bc8b7
11.f3 Qd8c7
12.Qd1d2 Nb8d7
13.Rf1d1 Rf8d8
14.Bg5h4 Ra8c8
15.Bh4g3 Nd7e5
16.Qd2e3 Ne5c4
17.Be2xc4 Qc7xc4
18.Qe3d3 d5
19.Qd3xc4 Rc8xc4
20.exd5 Nf6xd5
21.Nc3xd5 Rd8xd5
22.c3 h6
23.Rd1d3 e5
24.Nd4f5 Be7c5
25.Kh2 Rd5xd3
26.Bg3xe5 f6
27.Be5g3 Rd3d2
{ resign }
0-1

[Event "Match"]
[Site "www.echecsemail.com"]
[Date "2018.12.27"]
[Round "1"]
[White "Blackorblanc"]
[Black "Eeze"]
[WhiteElo "1649"]
[BlackElo "1800"]
[Result "0-1"]
[Round "1"]
1.Nb1c3 e5
2.e4 c6
3.Bf1c4 b5
4.Bc4b3 Ng8f6
5.Ng1f3 b4
6.Nc3e2 Bf8d6
7.d3 O-O
8.Ne2g3 Bd6c7
9.Bc1g5 d5
10.Qd1d2 h6
11.Bg5xf6 Qd8xf6
12.exd5 c5
13.O-O Bc8b7
14.c4 Bb7c8
15.Ra1e1 a5
16.Qd2e3 Bc7d6
 { time }
0-1

[Event "Match"]
[Site "www.echecsemail.com"]
[Date "2018.12.27"]
[Round "1"]
[White "Mitja"]
[Black "Bojan"]
[WhiteElo "1930"]
[BlackElo "2020"]
[Result "0-1"]
[Round "1"]
1.d4 d5
2.e3 c6
3.c3 Bc8f5
4.h3 h6
5.Bf1d3 Qd8d7
6.Bd3xf5 Qd7xf5
7.Ng1f3 Ng8f6
8.b3 Nf6e4
9.Nb1d2 Ne4xc3
{ resign }
0-1

[Event "Tourn. n9996"]
[Site "www.echecsemail.com"]
[Date "2018.12.27"]
[Round "1"]
[White "Julian"]
[Black "Yakke"]
[WhiteElo "1680"]
[BlackElo "1700"]
[Result "0-1"]
[Round "1"]
1.e4 e5
2.Ng1f3 f6
3.d4 c5
4.dxe5 d6
5.exd6 Bf8xd6
6.Bf1c4 Ng8e7
7.O-O Nb8d7
8.Nb1c3 a6
9.Qd1xd6 b5
10.Bc4e6 Nd7b6
11.Qd6xd8 Kxd8
12.Be6xc8 Ra8xc8
13.Bc1e3 Nb6c4
14.Ra1d1 Ke8
 { time }
0-1

[Event "Match"]
[Site "www.echecsemail.com"]
[Date "2018.12.27"]
[Round "1"]
[White "Chapi"]
[Black "Blackorblanc"]
[WhiteElo "2040"]
[BlackElo "1649"]
[Result "1-0"]
[Round "1"]
1.d4 f5
2.c4 Ng8f6
3.Nb1c3 c5
4.d5 d6
5.Bc1f4 g6
6.Ng1f3 h6
7.Qd1c2 Bf8g7
8.e4 fxe4
9.Nc3xe4 Nf6xe4
10.Bf1d3 Ne4f6
11.Bd3xg6 Kf8
12.Nf3h4 Bc8d7
13.Bg6f5 Qd8c8
14.Bf5xd7 Qc8xd7
15.Nh4g6 Kg8
16.Ng6xh8 Kxh8
17.O-O Qd7g4
18.Qc2d2 Qg4g6
19.Ra1e1 Nf6e4
20.Qd2e3 Ne4f6
21.Qe3xe7 Nb8d7
22.Qe7xd6 Qg6g4
23.Re1e7  { time }
1-0

[Event "1/64 Finale"]
[Site "www.chess-mail.com"]
[Date "2018.12.27"]
[Round "1"]
[White "Bevittsmith"]
[Black "Mitja"]
[WhiteElo "2250"]
[BlackElo "1960"]
[Result "1-0"]
[Round "1"]
1.e4 d5
2.exd5 Qd8xd5
3.Nb1c3 Qd5d8
4.d4 e6
5.Ng1f3 c6
6.Bf1d3 h6
7.O-O Ng8f6
8.Bc1f4 Bf8e7
9.Qd1d2 b6
10.Ra1d1 Bc8b7
11.Nf3e5 Nb8d7
12.h3 Nf6d5
13.Nc3xd5 cxd5
14.Bd3b5 Bb7c8
15.Ne5c6 { resign }
1-0

[Event "1/128 Finale"]
[Site "www.chess-mail.com"]
[Date "2018.12.27"]
[Round "1"]
[White "Bojan"]
[Black "Picifarkinca"]
[WhiteElo "2030"]
[BlackElo "1840"]
[Result "0-1"]
[Round "1"]
1.e4 e5
2.Ng1f3 Nb8c6
3.Nb1c3 Ng8f6
4.a3 Bf8e7
5.d4 d6
6.d5 Nc6b8
7.h3 O-O
8.Nf3h2 c6
9.dxc6 bxc6
10.f4 Nb8d7
11.f5 Nd7c5
12.b4 Nc5xe4
13.Nc3xe4 Nf6xe4
14.g4 Qd8b6
15.Qd1f3 Qb6d4
16.Ra1a2 Be7h4
17.Ke2 Ne4c3
{ resign }
0-1

[Event "1/32 Finale"]
[Site "www.chess-mail.com"]
[Date "2018.12.27"]
[Round "1"]
[White "Bojan"]
[Black "Gvladutz"]
[WhiteElo "2030"]
[BlackElo "2490"]
[Result "0-1"]
[Round "1"]
1.e4 e5
2.Ng1f3 Nb8c6
3.b3 Ng8f6
4.d3 d5
5.exd5 Nf6xd5
6.c4 Bf8b4
7.Nb1d2 Nd5c3
8.Qd1c2 Nc6d4
9.Nf3xd4 exd4
10.Nd2f3 Qd8e7
11.Kd2 Qe7e2
12.Bf1xe2 Nc3e4
{ resign }
0-1

[Event "Match"]
[Site "www.echecsemail.com"]
[Date "2018.12.28"]
[Round "1"]
[White "Chapi"]
[Black "Zorkvonblitz"]
[WhiteElo "2010"]
[BlackElo "1649"]
[Result "1-0"]
[Round "1"]
1.d4 b5
2.Nb1c3 b4
3.Nc3d5 a5
4.c3 bxc3
5.Nd5xc3 Bc8b7
6.e4 Nb8a6
7.Bf1c4 c5
8.Ng1f3 cxd4
9.Qd1xd4 e6
10.O-O Ra8c8
11.Nc3b5 Rc8c6
12.Nf3e5 Bf8c5
13.Ne5xc6 Bb7xc6
14.Qd4xg7 Qd8f6
15.Qg7xf6 Ng8xf6
16.e5 Nf6d5
17.Nb5d6 Bc5xd6
18.exd6 Na6b4
19.Bc1d2 Rh8g8
20.f3 Nd5b6
21.Bc4e2 Nb6d5
22.Bd2xb4 axb4
23.Rf1f2 Nd5f4
24.Kh1 Kd8
25.Ra1c1 h5
26.Rc1c4 Nf4d5
27.Rc4h4 Rg8g5
28.f4 Rg5g8
29.Rh4xh5 Nd5e3
30.Be2f3 Bc6b5
31.Rh5xb5  { time }
1-0

[Event "Match"]
[Site "www.echecsemail.com"]
[Date "2018.12.28"]
[Round "1"]
[White "Gambitmiau"]
[Black "Zorkvonblitz"]
[WhiteElo "1900"]
[BlackElo "1649"]
[Result "1-0"]
[Round "1"]
1.e4 c5
2.Bf1c4 Nb8c6
3.Qd1f3 e6
4.a3 Nc6d4
5.Qf3c3 Ng8f6
6.d3 d5
7.Bc1g5 Bf8e7
8.exd5 Nf6xd5
9.Bc4xd5 Qd8xd5
10.Bg5xe7 Kxe7
11.f3 b6
12.Nb1d2 Bc8d7
13.Nd2e4 f6
14.O-O-O Rh8c8
15.Qc3d2 c4
16.Ne4c3 Qd5e5
17.f4 Qe5c5
18.Nc3e4 Qc5c7
19.Qd2b4 Kd8
20.Ne4d6 a5
21.Qb4xc4 Qc7xd6
22.Qc4a2 Rc8xc2
23.Kb1 Rc2xg2
24.Rd1c1  { time }
1-0

[Event "Match"]
[Site "www.echecsemail.com"]
[Date "2018.12.28"]
[Round "1"]
[White "Storzman"]
[Black "Zorkvonblitz"]
[WhiteElo "2100"]
[BlackElo "1649"]
[Result "1-0"]
[Round "1"]
1.d4 f5
2.Bc1g5 h6
3.Bg5h4 g5
4.e3 Ng8f6
5.Bh4g3 d6
6.h3 Bf8g7
7.c4 Bc8e6
8.Qd1b3 Qd8c8
9.Nb1c3 Be6f7
10.Bf1d3 Nb8c6
11.Ng1e2 O-O
12.O-O Rf8e8
13.f4 g4
14.d5 Nc6d8
15.Qb3c2 Bf7g6
16.Ne2d4 gxh3
17.gxh3 c6
18.Nd4xf5 Bg7f8
19.Kg2  { time }
1-0

[Event "Tourn. n9968"]
[Site "www.echecsemail.com"]
[Date "2018.12.28"]
[Round "1"]
[White "Szustan"]
[Black "Drawlward"]
[WhiteElo "2580"]
[BlackElo "2690"]
[Result "1/2-1/2"]
[Round "1"]
1.e4 c5
2.c3 Ng8f6
3.e5 Nf6d5
4.Ng1f3 e6
5.d4 cxd4
6.cxd4 d6
7.Bf1c4 Nd5b6
8.Bc4d3 Nb8c6
9.O-O Nc6b4
10.Bd3e2 dxe5
11.Nf3xe5 Bf8e7
12.Nb1c3 O-O
13.a3 Nb4c6
14.Ne5f3 Be7f6
15.Bc1e3 Nb6d5
16.Ra1c1 Nd5xe3
17.fxe3 g6
18.Nc3e4 Bf6g7
19.Be2c4 Nc6e7
20.Qd1e2 b6
21.Ne4f2 Bc8b7
22.e4 Ra8c8
23.Rc1d1 Qd8c7
24.Bc4a6 Bb7xa6
25.Qe2xa6 Rf8d8
26.Qa6e2 Qc7c2
27.Rd1d2 Qc2c4
28.Qe2e3 f5
29.Rf1d1 fxe4
30.Nf2xe4 Ne7f5
31.Qe3e1 Rd8e8
32.Ne4g5 Rc8d8
33.Rd1c1 Qc4b5
34.Qe1e4 Re8e7
35.Rc1d1 Rd8d5
36.b4 Qb5d7
37.Kh1 Re7e8
38.Rd2d3 { draw }
1/2-1/2

[Event "Match"]
[Site "www.echecsemail.com"]
[Date "2018.12.28"]
[Round "1"]
[White "Nevaeh"]
[Black "Liencam2"]
[WhiteElo "1809"]
[BlackElo "2320"]
[Result "1-0"]
[Round "1"]
1.d4 Ng8f6
2.c4 d6
3.Ng1f3 c5
4.dxc5 Qd8a5
5.Nb1c3 dxc5
6.Bc1d2 Qa5d8
7.Bd2f4 Qd8xd1
8.Ra1xd1 a6
9.g3 Nb8c6
10.Bf1g2 g6
11.Nf3e5 Nc6d4
12.Nc3a4 Nf6d7
13.Ne5xd7 Bc8xd7
14.Na4b6 Ra8d8
15.Bf4c7 Nd4c2
16.Kf1 Rd8c8
17.Rd1xd7 Rc8xc7
18.Rd7xc7 f5
19.Bg2d5 { resign }
1-0

[Event "Tourn. n10025"]
[Site "www.echecsemail.com"]
[Date "2018.12.28"]
[Round "1"]
[White "Osopanda"]
[Black "Cal"]
[WhiteElo "1700"]
[BlackElo "1830"]
[Result "0-1"]
[Round "1"]
1.e4 e5
2.Ng1f3 d6
3.d4 exd4
4.Nf3xd4 c5
5.Nd4f3 h6
6.c4 Bf8e7
7.Nb1c3 Bc8e6
8.Nc3d5 Nb8c6
9.Bf1e2 Ng8f6
10.Nd5xe7 Qd8xe7
11.Qd1c2 { time. }
0-1

[Event "Tourn. n9987"]
[Site "www.echecsemail.com"]
[Date "2018.12.28"]
[Round "1"]
[White "Coolant"]
[Black "Tartan"]
[WhiteElo "2350"]
[BlackElo "2610"]
[Result "0-1"]
[Round "1"]
1.Nb1c3 e5
2.Ng1f3 Nb8c6
3.e4 Ng8f6
4.Bf1b5 Bf8b4
5.O-O O-O
6.Rf1e1 d6
7.h3 Nc6e7
8.d4 c6
9.dxe5 dxe5
10.Qd1xd8 Rf8xd8
11.Bb5c4 b5
12.Bc4d3 Ne7g6
13.Bc1d2 Bb4c5
14.Ra1d1 a5
15.Nc3e2 Bc8e6
16.a3 h6
17.Bd2c3 Nf6d7
18.b4 axb4
19.axb4 Bc5e7
20.Rd1a1 Ra8a4
21.Ra1xa4 bxa4
22.Re1a1 Rd8a8
23.h4 Ng6xh4
24.Nf3xe5 Nd7xe5
25.Bc3xe5 Be7xb4
26.Ne2f4 Nh4g6
27.Nf4xg6 fxg6
28.c3 Bb4e7
29.Kf1 a3
30.Ke2 a2
31.Kd2 Be6b3
32.c4 Be7b4
33.Be5c3 c5
34.Bc3xb4 cxb4
35.e5 Ra8d8
36.Ke3 g5
37.g3 g4
38.Ra1c1 Bb3a4
39.c5 b3
40.Bd3c4 Kf8
41.Bc4xb3 Ba4xb3
42.c6 Rd8c8
{ resign }
0-1

[Event "Match"]
[Site "www.echecsemail.com"]
[Date "2018.12.28"]
[Round "1"]
[White "Krystek23"]
[Black "Zack1984"]
[WhiteElo "2580"]
[BlackElo "1600"]
[Result "0-1"]
[Round "1"]
1.c4 Ng8f6
2.Nb1c3 e6
3.Ng1f3 c5
4.g3 Nb8c6
5.Bf1g2 d5
6.cxd5 Nf6xd5
7.d4 Bf8e7
8.O-O O-O
9.e4 Nd5b6
10.d5 exd5
11.exd5 Nc6b4
12.Nf3e1 Be7d6
13.a3 Nb4a6
14.Nc3e4 Bc8f5
15.Ne4xd6 Qd8xd6
16.Bc1f4 Qd6d7
17.d6 c4
18.Ne1f3 Na6c5
19.Nf3e5 Qd7b5
20.Qd1h5 Bf5e4
21.a4 Nb6xa4
22.Bg2xe4 Nc5xe4
23.Qh5e2 Na4c5
24.Rf1c1 Ne4xd6
25.Ne5xc4 Rf8e8
26.Qe2f1 Nd6xc4
27.Qf1xc4 Re8e1
28.Kg2 Qb5xc4
29.Rc1xc4 Re1xa1
30.Rc4xc5 Ra1b1
31.Bf4e5 f6
32.Be5c3 a5
 { time }
0-1

[Event "Tourn. n10036"]
[Site "www.echecsemail.com"]
[Date "2018.12.28"]
[Round "1"]
[White "Fantomas"]
[Black "Bojan"]
[WhiteElo "2210"]
[BlackElo "2050"]
[Result "1-0"]
[Round "1"]
1.e4 e5
2.Ng1f3 d6
3.d4 c6
4.dxe5 Bc8g4
5.exd6 Bf8xd6
6.Bf1e2 Qd8c7
7.h3 Bg4h5
8.Nf3d4 Bh5g6
9.Be2f3 Nb8d7
10.Nd4f5 Bd6e5
11.c3 O-O-O
12.Qd1a4 b6
13.Bc1e3 Bg6xf5
14.exf5 Ng8e7
15.g4 g6
16.fxg6 Ne7xg6
17.Qa4xc6 Ng6h4
18.Qc6xc7 Kxc7
19.Nb1d2 Rh8f8
20.O-O Rf8g8
21.Bf3e2 f5
22.f4 Be5g7
23.Kf2 fxg4
24.hxg4 h6
25.Rf1h1 Nh4g6
26.Ra1d1 Rd8f8
27.f5 Ng6e5
28.Rd1g1 Nd7f6
29.Be3f4 Nf6d7
30.Be2c4 Rg8h8
31.Nd2f3 Kc6
32.Bc4e6 Ne5d3
33.Kg3 Nd3xf4
34.Kxf4 Nd7c5
35.Be6c4 b5
36.Bc4f1 a6
37.Rg1g2 Rf8e8
38.Nf3d2 Bg7f6
39.Kf3 Bf6g5
40.Kg3 Re8e3
41.Kh2 Rh8e8
42.Kg1 Re3e1
43.Nd2f3 Bg5e3
44.Kh2 Kb6
45.Rg2c2 Be3f4
46.Kh3 Re8e3
47.Kg2 Nc5e4
48.Nf3xe1 Re3xe1
49.Bf1e2 Re1xh1
50.Kxh1 Kc5
51.Kg2 Bf4g5
52.Be2d3 Ne4f6
53.Kf3 h5
54.gxh5 Nf6d5
55.Rc2h2 Bg5h6
56.Bd3e4 Nd5f6
57.Be4b7 a5
58.Bb7c8 Kd5
59.Bc8e6 Ke5
60.Rh2e2 Kd6
61.Be6f7 Bh6f8
62.Re2e6 { resign }
1-0

[Event "Tourn. n10031"]
[Site "www.echecsemail.com"]
[Date "2018.12.28"]
[Round "1"]
[White "Bojan"]
[Black "Francesco"]
[WhiteElo "2040"]
[BlackElo "2000"]
[Result "0-1"]
[Round "1"]
1.e4 c6
2.d4 d5
3.exd5 cxd5
4.Qd1f3 Ng8f6
5.Nb1c3 Bc8g4
6.Bf1b5 Nb8d7
7.Qf3g3 a6
8.Bb5a4 b5
9.Ba4b3 e6
10.h3 Bg4f5
11.Ng1f3 b4
12.Nc3a4 Ra8c8
13.O-O Bf5xc2
14.Bb3xc2 Rc8xc2
15.Nf3e5 Nf6e4
16.Qg3d3 Qd8c7
17.f3 Nd7xe5
18.dxe5 Ne4g3
19.Rf1e1 Rc2c6
20.Bc1f4 Ng3f5
21.g4 Nf5h4
22.Kh2 Bf8e7
23.Bf4g3 O-O
24.Re1e2 Rf8c8
25.Ra1d1 Rc6c2
26.Rd1d2 Rc2xd2
27.Re2xd2 a5
28.f4 Qc7c4
29.Qd3b1 Nh4f3
30.Kg2 Nf3xd2
31.Qb1d1 Qc4xa2
32.Na4b6 Rc8c6
33.Qd1xd2 Rc6xb6
34.Qd2d4 Rb6c6
35.Bg3e1 Be7c5
36.Qd4d2 Qa2c4
37.Qd2d1 Qc4e4
38.Kg3 Qe4e3
39.Kh4 Bc5e7
{ resign }
0-1

[Event "Match"]
[Site "www.echecsemail.com"]
[Date "2018.12.28"]
[Round "1"]
[White "Blackorblanc"]
[Black "Gambitmiau"]
[WhiteElo "1649"]
[BlackElo "1910"]
[Result "0-1"]
[Round "1"]
1.Nb1c3 Ng8f6
2.f4 Nb8c6
3.e4 d6
4.h3 d5
5.e5 Nf6e4
6.Nc3xe4 dxe4
7.Qd1e2 Bc8f5
8.g4 Bf5e6
9.Qe2xe4 g6
10.Bf1b5 Be6d5
11.Qe4e3 Bd5xh1
12.d4 Qd8d7
13.c4 a6
14.Bb5a4 b5
15.Ba4b3 Nc6xd4
16.Ng1e2 Nd4f3
17.Kf2 bxc4
18.Bb3xc4 Qd7d1
 { time }
0-1

[Event "Tourn. n10024"]
[Site "www.echecsemail.com"]
[Date "2018.12.28"]
[Round "1"]
[White "Francesco"]
[Black "Luban"]
[WhiteElo "1960"]
[BlackElo "2100"]
[Result "1/2-1/2"]
[Round "1"]
1.e4 c5
2.Ng1f3 d5
3.exd5 Qd8xd5
4.c4 Qd5d8
5.d4 cxd4
6.Qd1xd4 Qd8xd4
7.Nf3xd4 a6
8.Nb1c3 e6
9.Bf1e2 Ng8f6
10.O-O Bf8e7
11.Be2f3 O-O
12.Rf1e1 Nb8d7
13.a3 Nd7c5
14.b4 Nc5d7
15.Bc1g5 h6
16.Bg5h4 Be7d6
17.Ra1d1 Nd7e5
18.Bh4xf6 gxf6
19.c5 Bd6c7
20.Nc3e4 Ne5xf3
21.Nd4xf3 Kg7
22.h3 e5
23.Ne4d6 Bc7xd6
24.Rd1xd6 Bc8e6
25.Re1d1 Rf8c8
26.Nf3d2 { draw }
1/2-1/2

[Event "Tourn. n10026"]
[Site "www.echecsemail.com"]
[Date "2018.12.28"]
[Round "1"]
[White "Tartan"]
[Black "Tonino1"]
[WhiteElo "2540"]
[BlackElo "2310"]
[Result "1-0"]
[Round "1"]
1.d4 d6
2.e4 Ng8f6
3.Nb1c3 c6
4.Ng1f3 Qd8c7
5.h3 e5
6.a4 g6
7.Bf1c4 Bf8g7
8.dxe5 dxe5
9.O-O O-O
10.b3 h6
11.Bc1a3 Rf8d8
12.Qd1e2 Nb8d7
13.Bc4xf7 Kxf7
14.Qe2c4 Ke8
15.Qc4e6 
1-0

[Event "Tourn. n10001"]
[Site "www.echecsemail.com"]
[Date "2018.12.28"]
[Round "1"]
[White "Julian"]
[Black "Cal"]
[WhiteElo "1680"]
[BlackElo "1800"]
[Result "0-1"]
[Round "1"]
1.e4 e5
2.Ng1f3 d6
3.d4 exd4
4.Nf3xd4 h6
5.Bf1c4 c5
6.Nd4b3 Ng8f6
7.O-O a6
8.Nb1c3 Bc8e6
9.Nc3d5 Nb8c6
10.Bc1f4 b5
11.Nd5xf6 Qd8xf6
12.Bc4xe6 Qf6xe6
13.Qd1d5 Ra8c8
14.Ra1d1 Nc6b4
15.Qd5xe6 fxe6
16.Bf4xd6 Bf8xd6
17.Rd1xd6 Ke7
18.Rf1d1 Nb4xc2
19.Rd6xa6 c4
20.Nb3d4 Nc2xd4
21.Rd1xd4 { time. }
0-1

[Event "Tourn. n10004"]
[Site "www.echecsemail.com"]
[Date "2018.12.28"]
[Round "1"]
[White "Aperturaf"]
[Black "Gimmyg"]
[WhiteElo "2700"]
[BlackElo "2580"]
[Result "1-0"]
[Round "1"]
1.e4 e6
2.d4 b6
3.c4 Bc8b7
4.Bf1d3 d6
5.Nb1c3 Nb8d7
6.Ng1e2 g6
7.O-O Bf8g7
8.Bd3c2 a6
9.f3 Ng8e7
10.d5 O-O
11.Bc1g5 Nd7e5
12.b3 h6
13.Bg5e3 g5
14.f4 gxf4
15.Ne2xf4 Ne7g6
16.Nf4h5 Qd8h4
17.h3 Ne5xc4
18.bxc4 Bg7xc3
19.Ra1b1 Kh7
20.g3 Qh4e7
21.Qd1c1 f6
22.Rb1b3 Bc3e5
23.Be3xh6 Rf8f7
24.Rb3f3 b5
25.g4 bxc4
26.g5 exd5
27.gxf6 Qe7e8
28.exd5 Bb7xd5
29.Bc2xg6 Kxg6
30.Qc1g5 { resign }
1-0

[Event "Match"]
[Site "www.echecsemail.com"]
[Date "2018.12.28"]
[Round "1"]
[White "Zorkvonblitz"]
[Black "Luke1302"]
[WhiteElo "1649"]
[BlackElo "1390"]
[Result "1-0"]
[Round "1"]
1.g4 e5
2.h3 Qd8e7
3.Bf1g2 c6
4.e4 b6
5.d3 Bc8b7
6.g5 h6
7.Ng1f3 g6
8.gxh6 Bf8xh6
9.Nb1c3 Ng8f6
10.Bc1xh6 Rh8xh6
11.Qd1d2 Rh6h5
12.O-O-O Nb8a6
13.Nf3g5  { time }
1-0

[Event "Match"]
[Site "www.echecsemail.com"]
[Date "2018.12.28"]
[Round "1"]
[White "Blackorblanc"]
[Black "Cal"]
[WhiteElo "1649"]
[BlackElo "1810"]
[Result "0-1"]
[Round "1"]
1.Nb1c3 e5
2.e4 a6
3.Bf1c4 c6
4.Qd1h5 Qd8f6
5.Ng1f3 b5
6.Bc4b3 Bf8c5
7.d3 h6
8.Bc1g5 Qf6g6
9.Qh5xg6 fxg6
10.Bg5h4 g5
11.Bh4g3 Ng8f6
12.Nf3xe5 Bc5d4
13.Ra1b1 d6
14.Ne5g6 Rh8h7
15.Bg3xd6 Bc8b7
16.O-O Nb8d7
17.Rb1e1 c5
18.Kh1 Nf6g4
19.f4 Nd7f6
 { time }
0-1

[Event "Tourn. n10006"]
[Site "www.echecsemail.com"]
[Date "2018.12.28"]
[Round "1"]
[White "Osopanda"]
[Black "Cal"]
[WhiteElo "1690"]
[BlackElo "1810"]
[Result "0-1"]
[Round "1"]
1.e4 e5
2.Ng1f3 d6
3.d4 exd4
4.Nf3xd4 c5
5.Nd4f3 h6
6.Bf1c4 Ng8f6
7.Nb1c3 Bc8e6
8.Bc4xe6 fxe6
9.O-O Bf8e7
10.Bc1f4 e5
11.Bf4e3 Nb8c6
12.Nf3d2 a6
13.Nd2c4 b5
14.Nc4d2 b4
15.Nc3d5 Nf6xd5
16.exd5 Nc6a5
17.b3 O-O
18.Nd2e4 Na5b7
19.f4 Rf8f5
20.Qd1g4 { time. }
0-1

[Event "Tourn. n10036"]
[Site "www.echecsemail.com"]
[Date "2018.12.28"]
[Round "1"]
[White "Fantomas"]
[Black "Apdash"]
[WhiteElo "2220"]
[BlackElo "2260"]
[Result "0-1"]
[Round "1"]
1.d4 Ng8f6
2.Nb1c3 g6
3.e4 d6
4.h3 Bf8g7
5.Bc1g5 O-O
6.Ng1f3 Nb8d7
7.Qd1d2 Rf8e8
8.Bf1c4 c6
9.O-O-O b5
10.Bc4d3 b4
11.Nc3a4 a5
12.b3 Nd7b6
13.Na4b2 Bc8a6
14.Qd2e2 Ba6xd3
15.Qe2xd3 Qd8c7
16.Bg5d2 c5
17.Nb2c4 a4
18.Bd2e3 axb3
19.axb3 Nb6xc4
{ resign }
0-1

[Event "Match"]
[Site "www.echecsemail.com"]
[Date "2018.12.28"]
[Round "1"]
[White "Zack1984"]
[Black "Gimmyg"]
[WhiteElo "1800"]
[BlackElo "2560"]
[Result "1-0"]
[Round "1"]
1.b4 d5
2.Bc1b2 Ng8f6
3.Ng1f3 e5
4.Nf3xe5 Bf8xb4
5.e3 O-O
6.c4 Nb8c6
7.Ne5f3 Bc8e6
8.a3 Bb4e7
9.Qd1c2 Qd8d7
10.d4 dxc4
11.Bf1xc4 Be6xc4
12.Qc2xc4 Nc6a5
13.Qc4c2 Ra8c8
14.Nb1d2 c5
15.dxc5 Be7xc5
16.Qc2b1 Bc5e7
17.O-O Rf8d8
18.Rf1c1 b6
19.Rc1xc8 Rd8xc8
20.h3 Na5b7
21.a4 Nb7c5
22.Bb2d4 Nc5e6
23.Qb1b5 Rc8c7
24.Ra1d1 h6
25.Bd4e5 Rc7c5
26.Qb5b3 Qd7c6
27.Nf3d4 Ne6xd4
28.exd4 Rc5a5
29.Nd2c4 Ra5xa4
30.Nc4e3 Ra4a5
31.d5 Qc6b5
32.Qb3c3 Qb5d7
33.d6 Be7d8
34.Be5xf6 Ra5c5
35.Qc3xc5 bxc5
36.Bf6xd8 Qd7xd8
37.d7 f6
38.Ne3c4 { resign }
1-0

[Event "1/8 Finale"]
[Site "www.chess-mail.com"]
[Date "2018.12.28"]
[Round "1"]
[White "Buchauer"]
[Black "Nimzo"]
[WhiteElo "2830"]
[BlackElo "2850"]
[Result "1/2-1/2"]
[Round "1"]
1.e4 e5
2.Ng1f3 Nb8c6
3.Bf1c4 Bf8c5
4.O-O Ng8f6
5.d3 d6
6.c3 a5
7.Bc1g5 h6
8.Bg5h4 Bc5a7
9.Nb1d2 g5
10.Bh4g3 Nf6d7
11.h3 h5
12.h4 f6
13.a4 Nd7f8
14.d4 g4
15.Nf3e1 exd4
16.Ne1c2 dxc3
17.bxc3 Nf8e6
18.Ra1b1 Ne6c5
19.Nc2d4 Nc6e5
20.Qd1c2 Qd8e7
21.Bc4d5 c6
22.Bd5a2 Qe7c7
23.Rb1b2 Bc8d7
24.Rf1b1 O-O-O
25.Ba2c4 Kb8
26.Nd4b3 Nc5xb3
27.Rb2xb3 b6
28.Rb3b2 Ka8
29.Bc4a2 Rh8f8
30.Nd2c4 Ne5xc4
31.Ba2xc4 f5
32.Qc2d2 Bd7c8
33.Rb1e1 Qc7g7
34.exf5 Bc8xf5
35.Re1e3 Qg7f6
36.Qd2e1 Rf8h8
37.Bc4a6 Rh8f8
38.Bg3f4 Qf6xh4
39.Re3e7 Rd8d7
40.Re7e8 Rd7d8
41.Re8xf8 Rd8xf8
42.Bf4xd6 g3
43.Bd6xg3 Qh4f6
44.Qe1e3 b5
45.Qe3f3 Bf5g4
46.Qf3xf6 Rf8xf6
47.axb5 Ba7b6
48.bxc6 Rf6xc6
49.Ba6d3 Ka7
50.Bg3e5 a4
{ draw }
1/2-1/2

[Event "1/64 Finale"]
[Site "www.chess-mail.com"]
[Date "2018.12.28"]
[Round "1"]
[White "Reignblowcan"]
[Black "Julian"]
[WhiteElo "2550"]
[BlackElo "1710"]
[Result "1-0"]
[Round "1"]
1.d4 d5
2.e4 dxe4
3.Nb1c3 Ng8f6
4.Bc1g5 Nb8d7
5.Qd1e2 e6
6.O-O-O Bf8e7
7.Nc3xe4 Nf6xe4
8.Bg5xe7 Ne4c3
9.Be7xd8 Nc3xe2
10.Ng1xe2 Kxd8
11.g3 Ke7
12.Bf1g2 c6
13.Rh1e1 Rh8d8
14.Ne2f4 Nd7f6
15.c3 b6
16.Bg2xc6 Ra8b8
17.d5 Bc8b7
18.Bc6xb7 Rb8xb7
19.dxe6 Rd8xd1
20.Kxd1 fxe6
{ time. }
1-0

[Event "1/128 Finale"]
[Site "www.chess-mail.com"]
[Date "2018.12.28"]
[Round "1"]
[White "Osopanda"]
[Black "Zorkvonblitz"]
[WhiteElo "1690"]
[BlackElo "1649"]
[Result "1-0"]
[Round "1"]
1.e4 Nb8c6
2.d4 e5
3.d5 Nc6e7
4.Ng1f3 d6
5.g3 f5
6.Nb1c3 Ng8f6
7.Qd1e2 fxe4
8.Nf3g5 Bc8g4
9.Qe2b5 c6
10.dxc6 bxc6
11.Qb5a4 d5
12.Bf1g2 h6
13.Ng5h3 Kf7
14.O-O h5
15.Nh3g5  { time }
1-0

[Event "Match"]
[Site "www.echecsemail.com"]
[Date "2018.12.29"]
[Round "1"]
[White "Cathar"]
[Black "Apdash"]
[WhiteElo "2130"]
[BlackElo "2310"]
[Result "1-0"]
[Round "1"]
1.d4 d5
2.Ng1f3 e6
3.e3 Ng8f6
4.Bf1d3 c5
5.c3 Nb8c6
6.O-O c4
7.Bd3c2 Bf8d6
8.Nb1d2 b5
9.e4 Nf6xe4
10.Nd2xe4 dxe4
11.Bc2xe4 Qd8c7
12.a4 Bc8a6
13.axb5 Ba6xb5
14.Qd1c2 h6
15.Rf1e1 a6
16.d5 f5
17.Be4xf5 Nc6e5
18.Nf3xe5 Bd6xe5
19.Bf5g6 Kd8
20.dxe6 Be5xh2
21.Kh1 Bh2d6
22.Bc1f4 Ke7
23.Bf4xd6 Kxd6
24.Ra1d1 Ke7
25.Qc2e4 Rh8f8
26.Rd1d7 Qc7xd7
27.exd7 Kxd7
28.Qe4d5 Kc7
29.Re1e7 Kb6
30.Re7b7 Ka5
31.Qd5c5 { resign }
1-0

[Event "Tourn. n9970"]
[Site "www.echecsemail.com"]
[Date "2018.12.29"]
[Round "1"]
[White "Fantomas"]
[Black "Ff333"]
[WhiteElo "2120"]
[BlackElo "2070"]
[Result "1-0"]
[Round "1"]
1.e4 e5
2.Ng1f3 Nb8c6
3.Nb1c3 b6
4.Bf1c4 h6
5.O-O Bc8b7
6.d4 exd4
7.Nf3xd4 Qd8f6
8.Nd4f3 O-O-O
9.Rf1e1 Nc6e5
10.Nf3xe5 Qf6xe5
11.Bc4xf7 Bf8d6
12.f4 Qe5f6
13.Bf7c4 Rd8f8
14.e5 Qf6g6
15.Bc4d5 Bd6c5
16.Kh1 c6
17.Bd5e4 Qg6e6
18.Qd1d3 d5
19.Be4f3 a5
20.Nc3a4 Qe6e7
21.Na4xc5 Qe7xc5
22.Bc1e3 Qc5b4
23.a3 Qb4e7
24.Be3xb6 a4
25.Bf3g4 Kb8
26.Qd3d4 h5
27.Bg4h3 Bb7c8
28.Bh3xc8 Rf8xc8
29.Qd4xa4 Qe7b7
30.Bb6c5 Ng8e7
31.Re1e3 Ne7f5
32.Re3b3 Rc8c7
33.Rb3xb7 Rc7xb7
34.b4 Kc7
35.Qa4b3 Rh8b8
36.c4 d4
37.h3 Rb8d8
38.Qb3d3 g6
39.g4 hxg4
40.hxg4 Nf5e3
41.Bc5d6 Kc8
42.c5 Rd8g8
43.Qd3a6 Rg8g7
44.Qa6xc6 Kd8
45.Qc6e4 Ne3xg4
46.c6 Ng4f2
47.Kg2 Nf2xe4
48.cxb7 Rg7xb7
49.Ra1d1 Ne4xd6
50.Rd1xd4 g5
51.Rd4xd6 Ke7
52.f5 Rb7a7
53.Rd6d3 { resign }
1-0

[Event "Tourn. n10017"]
[Site "www.echecsemail.com"]
[Date "2018.12.29"]
[Round "1"]
[White "Bigrezi"]
[Black "Raicolin"]
[WhiteElo "2320"]
[BlackElo "2459"]
[Result "0-1"]
[Round "1"]
1.e4 d5
2.exd5 Qd8xd5
3.Nb1c3 Qd5a5
4.d4 Ng8f6
5.Bc1d2 Bc8g4
6.Ng1f3 Qa5f5
7.Bf1d3 Qf5h5
8.Bd3e2 Nb8c6
9.h3 e6
10.O-O Bf8d6
11.hxg4 Nf6xg4
12.g3 Qh5h3
13.Nc3e4 Nc6xd4
14.Ne4g5 Nd4xf3
15.Ng5xf3 O-O-O
16.Qd1e1 h5
17.Be2a6 h4
18.Qe1e4 hxg3
19.Qe4xb7 Kd7
20.Ba6b5 Ke7
21.Bd2b4 Qh3h1

0-1

[Event "Match"]
[Site "www.echecsemail.com"]
[Date "2018.12.29"]
[Round "1"]
[White "Karlgrocer"]
[Black "Zorkvonblitz"]
[WhiteElo "1940"]
[BlackElo "1649"]
[Result "1-0"]
[Round "1"]
1.d4 f5
2.Ng1f3 Ng8f6
3.e3 b6
4.Bf1d3 e6
5.O-O d5
6.Nb1d2 c5
7.dxc5 bxc5
8.Bd3b5 Bc8d7
9.Bb5xd7 Nb8xd7
10.b3 Rh8g8
11.Bc1b2 Bf8d6
12.c4 g5
13.Qd1c2 g4
14.Nf3e1 Qd8c7
15.g3 h5
16.Ne1g2 O-O-O
17.Ra1c1 h4
18.Ng2xh4 Rd8f8
19.cxd5 Nf6xd5
20.Nd2c4 Bd6e7
21.Nh4g2 Be7f6
22.Bb2xf6  { time }
1-0

[Event "Match"]
[Site "www.echecsemail.com"]
[Date "2018.12.29"]
[Round "1"]
[White "Cal"]
[Black "Zorkvonblitz"]
[WhiteElo "1760"]
[BlackElo "1649"]
[Result "1-0"]
[Round "1"]
1.c4 f5
2.f4 Ng8f6
3.Nb1c3 c6
4.d4 d5
5.c5 Nf6e4
6.Nc3xe4 fxe4
7.e3 Bc8f5
8.Bf1e2 Nb8d7
9.Bc1d2 Nd7f6
10.h3 Qd8c7
11.g4 Bf5g6
12.f5 Bg6f7
13.Qd1c2 Qc7g3
14.Kd1 Qg3g2
15.Bd2e1 Qg2xh1
16.Be1f2 Qh1h2
17.Ke1 e5
18.Be2f1 exd4
19.exd4 O-O-O
20.Ng1e2 g6
21.Ne2g3 e3
22.Kd1 exf2
23.Qc2d3 Rd8e8
24.Kc2 Nf6e4
25.Kb3 Qh2xg3
26.Ra1d1 Qg3xd3
27.Rd1xd3  { time }
1-0

[Event "Match"]
[Site "www.echecsemail.com"]
[Date "2018.12.29"]
[Round "1"]
[White "Zorkvonblitz"]
[Black "Tonino1"]
[WhiteElo "1649"]
[BlackElo "2120"]
[Result "0-1"]
[Round "1"]
1.f4 d6
2.e4 Ng8f6
3.Nb1c3 c6
4.d3 Qd8c7
5.Ng1f3 e5
6.f5 Bf8e7
7.Nf3g5 O-O
8.Bc1e3 d5
9.Be3f2 d4
10.Nc3e2 Nf6g4
11.Bf2g3 Be7xg5
12.Ne2xd4 Ng4e3
13.Qd1h5 Qc7a5
14.Ke2 Ne3xf1
15.Nd4f3 Nf1xg3
16.hxg3 Bg5h6
17.g4 f6
18.g5 fxg5
19.Nf3xg5 Qa5d8
20.Ng5f3 Qd8e8
21.Qh5xe8 Rf8xe8
22.g4 Bh6f4
23.g5 Nb8d7
24.Ra1g1 Nd7f8
25.f6 g6
26.Nf3e1 Nf8e6
27.Ne1f3 Ne6d4
28.Nf3xd4 exd4
29.Rh1h4 Bf4e3
30.Rg1h1 Be3xg5
 { time }
0-1